Addressing the growing problem of mold (Record no. 77741)
[ view plain ]
| 000 -LEADER | |
|---|---|
| fixed length control field | 00709cab a2200193 4500 |
| 001 - CONTROL NUMBER | |
| control field | ##L135002 |
| 008 - FIXED-LENGTH DATA ELEMENTS--GENERAL INFORMATION | |
| fixed length control field | 060918n2006 000 0 eng u |
| 035 ## - SYSTEM CONTROL NUMBER | |
| System control number | (Sirsi) u135002 |
| 041 0# - LANGUAGE CODE | |
| Language code of text/sound track or separate title | eng |
| 100 1# - MAIN ENTRY--PERSONAL NAME | |
| Personal name | Salares, Virginia |
| 245 00 - TITLE STATEMENT | |
| Title | Addressing the growing problem of mold |
| 260 ## - PUBLICATION, DISTRIBUTION, ETC. | |
| Date of publication, distribution, etc. | 2006 |
| 490 #0 - SERIES STATEMENT | |
| Series statement | Canadian Appraiser |
| Volume/sequential designation | 50(2) 2006, 48-49(2) |
| 520 ## - SUMMARY, ETC. | |
| Summary, etc. | Discusses the problems caused by mould, and ways in which in can be dealt with. Also examines the reasons for the growth of mould in the home, and ways to prevent it from growing in the first place. |
| 590 ## - LOCAL NOTE (RLIN) | |
| Local note | IKA190906 |
| 651 #4 - SUBJECT ADDED ENTRY--GEOGRAPHIC NAME | |
| Geographic name | CANADA |
| 690 ## - LOCAL SUBJECT ADDED ENTRY--TOPICAL TERM (OCLC, RLIN) | |
| Topical term or geographic name as entry element | MANAGEMENT-HEALTH AND SAFETY-HAZARDOUS SUBSTANCES-TOXIC MOULD |
| 942 ## - ADDED ENTRY ELEMENTS (KOHA) | |
| Suppress in OPAC | 0 |
| Withdrawn status | Lost status | Source of classification or shelving scheme | Damaged status | Not for loan | Home library | Current library | Shelving location | Date acquired | Total Checkouts | Full call number | Barcode | Date last seen | Copy number | Price effective from | Koha item type |
|---|---|---|---|---|---|---|---|---|---|---|---|---|---|---|---|
| Dewey Decimal Classification | London | London | Journal article | 18/09/2006 | L135002 | 135002-1001 | 06/08/2019 | 1 | 06/08/2019 | Journal article |